000 00590nam a2200229Ia 4500
003 OSt
005 20221005131827.0
006 a|||||r|||| 00| 0
007 ta
008 221004b |||||||| |||| 00| 0 mal d
024 _a58793
037 _cTextual
040 _aCRL
_cCRL
_bmal
041 _2mal
_amal
082 _aV212y7M78, 32J0
100 _aNambisan Au.
_9640149
245 0 _aSwadesabhimani K Rama Krishna Pillai
260 _c1950
650 _aINDIA - HISTORY
942 _hV212y7M78, 32J0
_cTEXL
_2cc
999 _c1061541
_d1061541